[Event "Poronin Tatra Limba op-B"]
[Site "Poronin"]
[Date "2021.05.25"]
[Round "5.2"]
[White "Dwilewicz, Andrzej"]
[Black "Malek, Szymon"]
[Result "0-1"]
[WhiteElo "1587"]
[BlackElo "1486"]
[PlyCount "54"]
[EventDate "2021.05.22"]
[EventType "swiss"]
[EventRounds "9"]
[EventCountry "POL"]
[SourceTitle "EXT 2022"]
[Source "ChessBase"]
[SourceDate "2021.10.06"]
[SourceVersion "1"]
[SourceVersionDate "2021.10.06"]
[SourceQuality "1"]

1. Nf3 d5 2. c4 e6 3. e3 Nf6 4. b3 c5 5. Bb2 Nc6 6. cxd5 exd5 7. d4 cxd4 8. exd4 Bb4+ 9. Bc3 Qa5 10. Bxb4 Qxb4+ 11. Qd2 0-0 12. Nc3 Re8+ 13. Kd1 Bg4 14. Be2 Bxf3 15. Bxf3 Nxd4 16. Bxd5 Nxd5 17. Nxd5 Qxd2+ 18. Kxd2 Rad8 19. Ne3 Nxb3+ 20. Kc3 Nxa1 21. Rxa1 Re6 22. Rf1 Rc6+ 23. Kb2 Rd2+ 24. Ka1 Ra6 25. Rd1 Raxa2+ 26. Kb1 Rxd1+ 27. Nxd1 Rd2 0-1

[Event "Baltic Cup-B 1st"]
[Site "Darlowko"]
[Date "2017.06.26"]
[Round "3"]
[White "Karnasiewicz, Robert"]
[Black "Dwilewicz, Andrzej"]
[Result "1/2-1/2"]
[WhiteElo "1826"]
[BlackElo "1481"]
[PlyCount "133"]
[EventDate "2017.06.25"]
[EventType "swiss"]
[EventRounds "9"]
[EventCountry "POL"]
[SourceTitle "EXT 2019"]
[Source "ChessBase"]
[SourceDate "2018.10.10"]
[SourceVersion "1"]
[SourceVersionDate "2018.10.10"]
[SourceQuality "1"]

1. d4 d5 2. c4 dxc4 3. e3 a6 4. Bxc4 e6 5. Nf3 c5 6. 0-0 Nf6 7. Qe2 b5 8. Bd3 c4 9. Bc2 Bb7 10. b3 cxb3 11. Bxb3 Nbd7 12. Nbd2 Be7 13. Bb2 0-0 14. a4 Qb6 15. a5 Qd8 16. Bc2 Bb4 17. Nb3 Bd5 18. Nfd2 Rc8 19. Rfc1 Qe7 20. e4 Bb7 21. e5 Nd5 22. Ne4 f5 23. exf6 N7xf6 24. g3 Nxe4 25. Qxe4 Nf6 26. Qh4 h6 27. Nc5 Bxc5 28. dxc5 Qc7 29. Bxf6 Rxf6 30. Be4 Bxe4 31. Qxe4 Qc6 32. Qxc6 Rxc6 33. Rc2 Rf5 34. Rd1 Rd5 35. Rdc1 Kf7 36. f3 Ke7 37. Kf2 Rd4 38. Ra1 e5 39. Re1 Kf6 40. Re4 g5 41. Ke3 Rd5 42. f4 exf4+ 43. gxf4 Rdxc5 44. fxg5+ hxg5 45. Rxc5 Rxc5 46. h4 Rc3+ 47. Kd2 Ra3 48. hxg5+ Kxg5 49. Re6 Rxa5 50. Kc3 Ra4 51. Kb3 Kf5 52. Re8 Re4 53. Ra8 Re6 54. Rh8 Ke5 55. Kb4 Kd5 56. Rh5+ Kc6 57. Ka5 Kd7 58. Rg5 Kc7 59. Rg7+ Kd8 60. Rh7 Rd6 61. Rg7 Kc8 62. Rh7 Rc6 63. Rg7 Kb8 64. Rh7 Rc7 65. Rh6 Rb7 66. Kxa6 Ra7+ 67. Kxb5 1/2-1/2

[Event "Novy Bor op"]
[Site "Novy Bor"]
[Date "2011.02.12"]
[Round "1"]
[White "Mojzis, Martin"]
[Black "Dwilewicz, Andrzej"]
[Result "1-0"]
[WhiteElo "2020"]
[BlackElo "1635"]
[PlyCount "71"]
[EventDate "2011.02.12"]
[EventType "swiss"]
[EventRounds "9"]
[EventCountry "CZE"]
[SourceTitle "CBM 140 Extra"]
[Source "ChessBase"]
[SourceDate "2011.03.01"]
[SourceVersion "1"]
[SourceVersionDate "2011.03.01"]
[SourceQuality "1"]

1. e4 c5 2. d4 cxd4 3. c3 dxc3 4. Nxc3 Nc6 5. Nf3 e6 6. Bc4 Qc7 7. 0-0 a6 8. Qe2 Nf6 9. Nd5 exd5 10. exd5+ Ne7 11. d6 Qxd6 12. Ng5 Qc6 13. Bxf7+ Kd8 14. Rd1 d5 15. Bf4 h6 16. Rac1 Qxc1 17. Rxc1 Nc6 18. Ne6+ Bxe6 19. Qxe6 Rc8 20. Be5 Be7 21. Bd4 Kc7 22. Qxe7+ Kb8 23. Qd6+ Ka8 24. Bb6 Nd4 25. Rxc8+ Rxc8 26. g3 Nb5 27. Qe7 Na7 28. a4 Nc6 29. Qe6 Rb8 30. Bg6 d4 31. Bd3 Re8 32. Qd6 Ne5 33. Bxa6 Nf3+ 34. Kg2 Ne1+ 35. Kf1 Rb8 36. Kxe1 1-0

[Event "Gniezno-ch Final-B"]
[Site "Gniezno"]
[Date "2008.11.09"]
[Round "6"]
[White "Dwilewicz, Andrzej"]
[Black "Frackowiak, Andrzej"]
[Result "0-1"]
[WhiteElo "1591"]
[BlackElo "1869"]
[PlyCount "94"]
[EventDate "2008.11.07"]
[EventType "swiss"]
[EventRounds "9"]
[EventCountry "POL"]
[SourceTitle "EXT 2023"]
[Source "ChessBase"]
[SourceDate "2022.10.05"]
[SourceVersion "1"]
[SourceVersionDate "2022.10.05"]
[SourceQuality "1"]

1. e4 c6 2. d4 d5 3. exd5 cxd5 4. c4 Nf6 5. Nc3 Nc6 6. c5 e5 7. Bb5 exd4 8. Qxd4 Bd7 9. Bxc6 bxc6 10. Nf3 Qe7+ 11. Be3 Ng4 12. 0-0 Nxe3 13. Rfe1 Qxc5 14. Rxe3+ Be6 15. Qe5 Qd6 16. Rd1 Qxe5 17. Nxe5 Rc8 18. Rf3 Bd6 19. Re1 Bxe5 20. Rxe5 0-0 21. Rg3 Rfd8 22. Reg5 g6 23. b3 f6 24. Rh5 c5 25. Kf1 Kg7 26. Rh4 d4 27. Ne4 a5 28. Nd2 a4 29. Ke1 axb3 30. axb3 f5 31. Nc4 Bxc4 32. bxc4 Ra8 33. Rb3 Rdb8 34. Rxb8 Rxb8 35. Rh3 Rb4 36. Ra3 Rxc4 37. Kd2 Kf6 38. f4 Rb4 39. Kd3 Rb2 40. Kc4 Rc2+ 41. Kd5 Rc3 42. Ra2 d3 43. Rd2 c4 44. Kc5 Rc2 45. Rd1 d2 46. Kb4 c3 47. Kb3 Rc1 0-1

[Event "Gniezno-ch Final-B"]
[Site "Gniezno"]
[Date "2008.11.08"]
[Round "4"]
[White "Gawiejnowicz, Stanislaw"]
[Black "Dwilewicz, Andrzej"]
[Result "0-1"]
[WhiteElo "1673"]
[BlackElo "1591"]
[PlyCount "78"]
[EventDate "2008.11.07"]
[EventType "swiss"]
[EventRounds "9"]
[EventCountry "POL"]
[SourceTitle "EXT 2023"]
[Source "ChessBase"]
[SourceDate "2022.10.05"]
[SourceVersion "1"]
[SourceVersionDate "2022.10.05"]
[SourceQuality "1"]

1. d4 f5 2. e4 fxe4 3. f3 Nf6 4. Nc3 d5 5. Bg5 Bf5 6. Bxf6 exf6 7. fxe4 Bxe4 8. Nxe4 dxe4 9. Qh5+ g6 10. Qb5+ Nd7 11. Qxb7 Rb8 12. Qxe4+ Be7 13. Bc4 Rb6 14. Nf3 f5 15. Qe3 Rd6 16. Ng5 Nb6 17. Bf7+ Kf8 18. Ne6+ Rxe6 19. Bxe6 Bf6 20. Rd1 Kg7 21. c3 Re8 22. 0-0 Nd5 23. Qe2 Qd6 24. Rde1 Nf4 25. Qc4 Rxe6 26. Rxe6 Nxe6 27. Re1 Ng5 28. b4 Ne4 29. Rd1 Bg5 30. Qd3 Qf4 31. Qc2 Qe3+ 32. Kf1 Qxc3 33. Qa4 Nd2+ 34. Kg1 Qxd4+ 35. Kh1 Be3 36. Qe8 Qf4 37. Qe7+ Kh6 38. h4 Ne4 39. Rd7 Qf1+ 0-1

[Event "Polanica Zdroj op-C 44th"]
[Site "Polanica Zdroj"]
[Date "2008.08.19"]
[Round "1"]
[White "Mierska, Agnieszka"]
[Black "Dwilewicz, Andrzej"]
[Result "0-1"]
[WhiteElo "1860"]
[BlackElo "1564"]
[PlyCount "66"]
[EventDate "2008.08.19"]
[EventType "swiss"]
[EventRounds "9"]
[EventCountry "POL"]
[SourceTitle "CBM 126 Extra"]
[Source "ChessBase"]
[SourceDate "2008.11.05"]
[SourceVersion "1"]
[SourceVersionDate "2008.11.05"]
[SourceQuality "1"]

1. e4 c5 2. c3 Nc6 3. d4 cxd4 4. cxd4 e6 5. Nf3 Nf6 6. Bd3 Nb4 7. Nc3 Nxd3+ 8. Qxd3 d5 9. e5 Nd7 10. 0-0 Be7 11. h3 0-0 12. Nh2 f6 13. f4 Nb6 14. g4 Bd7 15. Nf3 Rc8 16. exf6 Bxf6 17. g5 Be7 18. h4 Nc4 19. h5 Nxb2 20. Bxb2 Rxf4 21. Bc1 Rg4+ 22. Kf2 Qc7 23. Ne2 Rf8 24. Ke1 Ba4 25. h6 Bc2 26. Qe3 Re4 27. hxg7 Kxg7 28. Qg1 Qc3+ 29. Nd2 Rxe2+ 30. Kxe2 Bd3+ 31. Kd1 Rxf1+ 32. Nxf1 Qc2+ 33. Ke1 Qe2# 0-1